000 01133nam a22003737a 4500
001 BR8104483
003 BR-BrBNA
005 20230928091019.0
007 ta
008 230509b bl.||||| |||| 00| 0 por d
040 _aBR-BrBNA
_bpor
_cBiblioteca Nacional de Agricultura
041 _a(Por)
072 _aF00
_b0230
_b/G514
090 _ 0230 BR8104483
100 1 _aMendonca, F.J.
100 1 _aLee, D.C.L.
100 1 _aTardin, A.T.
100 1 _aShimabukuro, Y.E.
100 1 _aChen, S.C.
100 1 _aLucht, L.A.M.
100 1 _aMoreira, M.A.
100 1 _aLima, A.M. de
100 1 _aMaia, F.C.S.
111 1 _a11. Congresso Brasileiro de Engenharia Agricola
_cBrasilia, DF (Brazil)
_d22 Jun 1981
245 1 _aLevantamento da area canavieira do estado de Sao Paulo, utilizando dados do Landsat ano safra: 1979/80 [Brasil]
_bINPE-2199-RPE/007
260 3 _aSao Jose dos Campos, SP (Brasil):
_c1981.
300 _a9 p.
500 _aSummaries (Eng, Por)
650 _aCANA DE ACUCAR
650 _aSENSORIAMENTO REMOTO
650 _aSAO PAULO
909 _a202309
_bLucia
_c55
_dLucia Elande
942 _cBK
999 _c31756
_d31756